000
nam a22 7a 4500
999
_c
328812
_d
328812
003
Nust
005
20170417140024.0
008
170417b xxu||||| |||| 00| 0 eng d
040
_c
dlc
082
_a
363.125 HAR
100
_4
Harwood,D.W.
245
_a
Safety Effectiveness of Intersection Left and Right Turn Lanes
942
_2
ddc
_c
BK